<?xml version="1.0" encoding="UTF-8"?>
<collection xmlns="http://www.loc.gov/MARC21/slim">
    <record>
        <controlfield tag="001">61603</controlfield>
        <controlfield tag="005">20170628234247.0</controlfield>
        <datafield tag="024" ind1="7" ind2=" ">
            <subfield code="2">doi</subfield>
            <subfield code="a">10.1039/c4en00060a</subfield>
        </datafield>
        <datafield tag="024" ind1="8" ind2=" ">
            <subfield code="2">sideral</subfield>
            <subfield code="a">98830</subfield>
        </datafield>
        <datafield tag="037" ind1=" " ind2=" ">
            <subfield code="a">ART-2014-98830</subfield>
        </datafield>
        <datafield tag="041" ind1=" " ind2=" ">
            <subfield code="a">eng</subfield>
        </datafield>
        <datafield tag="100" ind1=" " ind2=" ">
            <subfield code="a">Gomez, V.</subfield>
        </datafield>
        <datafield tag="245" ind1=" " ind2=" ">
            <subfield code="a">Identification of TiO2 nanoparticles using La and Ce as labels: Application to the evaluation of surface contamination during the handling of nanosized matter</subfield>
        </datafield>
        <datafield tag="260" ind1=" " ind2=" ">
            <subfield code="c">2014</subfield>
        </datafield>
        <datafield tag="506" ind1="0" ind2=" ">
            <subfield code="a">Access copy available to the general public</subfield>
            <subfield code="f">Unrestricted</subfield>
        </datafield>
        <datafield tag="520" ind1="3" ind2=" ">
            <subfield code="a">Distinguishing nanomaterials of interest from background nanosized matter already present in the sampling environment is a challenging task. In this study, we propose the use of rare earth elements (REEs) as high-sensitivity labels to identify and to monitor their fate following manipulation. The REE labels were added during the synthesis of TiO&lt;inf>2&lt;/inf> nanoparticles with hydrodynamic sizes of 15 nm. The REE-labelled nanomaterials allow the monitoring of nanoparticle aerosols formed during handling of nanoparticulate materials in a glove box. The deposition of the labelled TiO&lt;inf>2&lt;/inf> nanoparticles on working surfaces could be verified by electron microscopy and surface analysis, using the presence of lanthanide elements as an identification label. The total amount of TiO&lt;inf>2&lt;/inf> nanoparticles in the deposited material could be quantified by a procedure based on wiping the deposition area followed by digestion of the collected matter and analysis by flame emission spectrometry. © 2014 the Partner Organisations.</subfield>
        </datafield>
        <datafield tag="540" ind1=" " ind2=" ">
            <subfield code="9">info:eu-repo/semantics/openAccess</subfield>
            <subfield code="a">All rights reserved</subfield>
            <subfield code="u">http://www.europeana.eu/rights/rr-f/</subfield>
        </datafield>
        <datafield tag="590" ind1=" " ind2=" ">
            <subfield code="a">0.0</subfield>
            <subfield code="b">2014</subfield>
        </datafield>
        <datafield tag="591" ind1=" " ind2=" ">
            <subfield code="a">ENVIRONMENTAL SCIENCES</subfield>
        </datafield>
        <datafield tag="591" ind1=" " ind2=" ">
            <subfield code="a">NANOSCIENCE &amp; NANOTECHNOLOGY</subfield>
        </datafield>
        <datafield tag="591" ind1=" " ind2=" ">
            <subfield code="a">CHEMISTRY, MULTIDISCIPLINARY</subfield>
        </datafield>
        <datafield tag="655" ind1=" " ind2="4">
            <subfield code="a">info:eu-repo/semantics/article</subfield>
            <subfield code="v">info:eu-repo/semantics/acceptedVersion</subfield>
        </datafield>
        <datafield tag="700" ind1=" " ind2=" ">
            <subfield code="0">(orcid)0000-0002-8787-117X</subfield>
            <subfield code="a">Clemente, A.</subfield>
        </datafield>
        <datafield tag="700" ind1=" " ind2=" ">
            <subfield code="0">(orcid)0000-0002-2966-9088</subfield>
            <subfield code="a">Irusta, S.</subfield>
            <subfield code="u">Universidad de Zaragoza</subfield>
        </datafield>
        <datafield tag="700" ind1=" " ind2=" ">
            <subfield code="0">(orcid)0000-0001-5512-0075</subfield>
            <subfield code="a">Balas, F.</subfield>
            <subfield code="u">Universidad de Zaragoza</subfield>
        </datafield>
        <datafield tag="700" ind1=" " ind2=" ">
            <subfield code="0">(orcid)0000-0002-8701-9745</subfield>
            <subfield code="a">Santamaria, J.</subfield>
            <subfield code="u">Universidad de Zaragoza</subfield>
        </datafield>
        <datafield tag="710" ind1="2" ind2=" ">
            <subfield code="1">5005</subfield>
            <subfield code="2">555</subfield>
            <subfield code="a">Universidad de Zaragoza</subfield>
            <subfield code="b">Departamento de Ingeniería Química y Tecnologías del Medio Ambiente</subfield>
            <subfield code="c">Ingeniería Química</subfield>
        </datafield>
        <datafield tag="773" ind1=" " ind2=" ">
            <subfield code="g">1, 5 (2014), 496-503</subfield>
            <subfield code="p">Environ. sci. nano</subfield>
            <subfield code="t">Environmental science. Nano</subfield>
            <subfield code="x">2051-8153</subfield>
        </datafield>
        <datafield tag="856" ind1="4" ind2=" ">
            <subfield code="s">476495</subfield>
            <subfield code="u">http://zaguan.unizar.es/record/61603/files/texto_completo.pdf</subfield>
            <subfield code="y">Postprint</subfield>
        </datafield>
        <datafield tag="856" ind1="4" ind2=" ">
            <subfield code="s">115105</subfield>
            <subfield code="u">http://zaguan.unizar.es/record/61603/files/texto_completo.jpg?subformat=icon</subfield>
            <subfield code="x">icon</subfield>
            <subfield code="y">Postprint</subfield>
        </datafield>
        <datafield tag="909" ind1="C" ind2="O">
            <subfield code="o">oai:zaguan.unizar.es:61603</subfield>
            <subfield code="p">articulos</subfield>
            <subfield code="p">driver</subfield>
        </datafield>
        <datafield tag="951" ind1=" " ind2=" ">
            <subfield code="a">2017-06-28-09:47:37</subfield>
        </datafield>
        <datafield tag="980" ind1=" " ind2=" ">
            <subfield code="a">ARTICLE</subfield>
        </datafield>
    </record>

    
</collection>